01145nam a2200193Ia 4500001001100000003001000011008004100021040002500062041001300087100004500100245010300145250001100248260008700259300001200346500021800358501011400576520021800690650004300908A085-34657IT-CnALBA170116s9999||||xx |||||||||||||| ||und|| aIT-CnALBAcIT-CnALBA aITALIANO aBOSSUET JACQUES-BENIGNE VESCOVO DI MEAUX 0aOPERE DI BOSSUET. ELEVAZIONIA DIO SOPRA TUTTI IMISTERI DELLA VITA CRISTIANA. TOMO XXXII. VOL. II.  a1a ed. a VENEZIAbZERLETTI PIETRO (PRESSO) c1798 [1° Ed.:1798 - Ed.Ling.Originale: 1798] a255 p.  aSACERDOZIO E UNZIONE DI GESÙ CRISTO. GIOVANNI BATTISTA. NATIVITÀ DI GESÙ. INFANZIA. PRESENTAZIONE AL TEMPIO. VITA PRIVATA. PREDICAZIONE DI GIOVANNI BATTISTA. DIGIUNO E TENTAZIONI DI GESÙ. INDICE GENERALE.  aSocietà San Paolo EM - Piazza San Paolo, 14 - 12051 ALBA (CN) (non commercial uses only) ® Copyright 2017 aSACERDOZIO E UNZIONE DI GESÙ CRISTO. GIOVANNI BATTISTA. NATIVITÀ DI GESÙ. INFANZIA. PRESENTAZIONE AL TEMPIO. VITA PRIVATA. PREDICAZIONE DI GIOVANNI BATTISTA. DIGIUNO E TENTAZIONI DI GESÙ. INDICE GENERALE.  aRACCOLTE DI CARATTERE GEN. IN ITALIANO